| 000 | 01028nam a2200421 4500 | ||
|---|---|---|---|
| 005 | 20251107172112.0 | ||
| 008 | 150312b2013 xxu||||| |||| 00| 0 spa d | ||
| 020 | _a9788497859615 | ||
| 041 | _aESP | ||
| 082 | _a510 E52m | ||
| 100 |
_aElwes, Richard _921240 |
||
| 245 | _aMatemáticas: 100 descubrimientos que cambiaron el curso de la historia | ||
| 260 | _aEspaña | ||
| 260 | _bEditorial Planeta | ||
| 260 | _c2013 | ||
| 300 | _a416 páginas | ||
| 490 | _aTemática General | ||
| 650 | _aMATEMÁTICAS | ||
| 650 | _aHISTORIA | ||
| 650 | _aGEOMETRÍA | ||
| 650 | _aTRIGONOMETRÍA | ||
| 650 | _aÁLGEBRA | ||
| 650 | _aLOGARITMOS | ||
| 650 | _aMECÁNICA CUÁNTICA | ||
| 650 | _aTEORÍA DEL CAOS | ||
| 650 | _aCOMPUTACIÓN CUÁNTICA | ||
| 650 | _aLEYES DE KEPLER | ||
| 650 | _aNÚMEROS COMPLEJOS | ||
| 650 | _aSÓLIDOS PLATÓNICOS | ||
| 650 | _aCÁLCULO | ||
| 650 | _aSIMETRÍA | ||
| 942 |
_cBK _2ddc |
||
| 999 |
_c3917 _d3917 |
||